| 000 | 00847nam a2200229Ii 4500 | ||
|---|---|---|---|
| 003 | JO-AjNU | ||
| 008 | 230605s9999||||xx |||||||||||||| ||und|| | ||
| 017 | _a2018/7/3664 | ||
| 020 | _a978- 9923- 15-510- 3 | ||
| 040 |
_aJO-AjNU _bara _erda _cJO-AjNU |
||
| 041 | _aara | ||
| 050 | 1 | 4 | _aJQ1825.J6.A3222 2020 |
| 100 | 3 |
_aالعضايلة ، أمين سلامة, _eauthor _959244 |
|
| 245 | 0 | 0 | _aالوجيز في النظم السياسية والقانون الدستوري |
| 250 | _aط1 | ||
| 264 | 3 | 1 | _aعمان: دار الثقافة للنشر والتوزيع، 2020 |
| 300 |
_a336ص _bيحتوي على مراجع من ص 333- 336 |
||
| 336 |
_atext _btxt _2rdacontent |
||
| 337 |
_aunmediated _bn _2rdamedia |
||
| 338 |
_avolume _bnc _2rdacarrier |
||
| 650 | 4 |
_aالأنظمة السياسية- القانون الدستوري _959245 |
|
| 999 |
_aA26650 _c30218 _d30218 |
||